| 000 | 00793nac a22001691u 4500 | ||
|---|---|---|---|
| 008 | 100808s1965 Ua|||||r|||| 000 0 ara d | ||
| 082 |
_a214.61 _bب و ش |
||
| 100 |
_aالبوشي، محمد عبدالحميد _917198 |
||
| 245 |
_aالاسلام والطب / _cمحمد عبدالحميد البوشي |
||
| 260 |
_aالقاهرة: _b1965، دار القلم _c1965 |
||
| 300 |
_a162 ؛ ص _c18 سم |
||
| 490 |
_914725 _a ؛ المكتبة الثقافية _n125 |
||
| 650 |
_917200 _aالإسلام والطب |
||
| 710 |
_aWezarat Al Thakafa Wa Al Ershad Al Kawmey _917202 |
||
| 942 |
_cBB _k214.61 ب و ش _2ddc |
||
| 999 |
_c6823 _d6823 |
||